Core Java Advanced Features (Record no. 3643)

MARC details
000 -LEADER
fixed length control field 00369nam a2200157Ia 4500
008 - FIXED-LENGTH DATA ELEMENTS--GENERAL INFORMATION
fixed length control field 191201s2008 xx 000 0 und d
020 ## - INTERNATIONAL STANDARD BOOK NUMBER
International Standard Book Number 9780132354790
082 ## - DEWEY DECIMAL CLASSIFICATION NUMBER
Classification number 005.133
Item number HOC
100 ## - MAIN ENTRY--PERSONAL NAME
Personal name HORSTMANN, C
245 #0 - TITLE STATEMENT
Title Core Java Advanced Features
250 ## - EDITION STATEMENT
Edition statement Rep.
260 ## - PUBLICATION, DISTRIBUTION, ETC. (IMPRINT)
Place of publication, distribution, etc N.Delhi
Name of publisher, distributor, etc Prentice Hall
Date of publication, distribution, etc 2008
300 ## - PHYSICAL DESCRIPTION
Extent 1032
650 ## - SUBJECT ADDED ENTRY--TOPICAL TERM
Topical term or geographic name as entry element MCA
942 ## - ADDED ENTRY ELEMENTS (KOHA)
Source of classification or shelving scheme Dewey Decimal Classification
Koha item type Text Books
Holdings
Withdrawn status Lost status Source of classification or shelving scheme Damaged status Not for loan Collection code Home library Current library Date acquired Source of acquisition Cost, normal purchase price Serial Enumeration / chronologySerial Enumeration / Volume No. Bill Number Total Checkouts Full call number Acc. no. / Barcode Date last seen Bill Date Koha item type Date last borrowed
    Dewey Decimal Classification     MCA PIET C-LIBRARY PIET C-LIBRARY 18/01/2007 J B C, New Delhi 750.00 2nd SI-4643   005.133 HOC 10343 04/12/2019 11/12/2008 Text Books  
    Dewey Decimal Classification     MCA PIET C-LIBRARY PIET C-LIBRARY 18/01/2007 J B C, New Delhi 750.00 2nd SI-4643 1 005.133 HOC 10344 02/03/2022 11/12/2008 Text Books 18/02/2022
    Dewey Decimal Classification     MCA PIET C-LIBRARY PIET C-LIBRARY 18/01/2007 J B C, New Delhi 750.00 2nd SI-4643   005.133 HOC 10345 04/12/2019 11/12/2008 Text Books  
    Dewey Decimal Classification     Computer Science & Engineering in Cyber Security PIET C-LIBRARY PIET C-LIBRARY 18/01/2007 J B C, New Delhi 750.00 2nd SI-4643   005.133 HOC 10346 04/12/2019 11/12/2008 Text Books  
    Dewey Decimal Classification     Computer Science & Engineering in Cyber Security PIET C-LIBRARY PIET C-LIBRARY 18/01/2007 J B C, New Delhi 750.00 2nd SI-4643   005.133 HOC 10347 04/12/2019 11/12/2008 Text Books  

Design & Developed by: PIET Central Library
R70 Miles Stone Pattikalyana Samalkha Panipat 132102
mail ID :- [email protected], Phone No:- 0180-2569700 Ex.216